Flaggen Afrikas (alphabetische Reihenfolge) - Statistiken

Allgemein
  • Dieses Quiz wurde 49 mal gespielt
  • Das Durchschnittsergebnis liegt bei 41 aus 54
Antwortstatistiken
Bildquiz Antwort % Korrekt
Ägypten
100%
Algerien
96%
Angola
92%
Äthiopien
92%
Äquatorial-Guinea
85%
Benin
85%
Dschibuti
85%
Elfenbeinküste
85%
Kenia
85%
Marokko
85%
Nigeria
85%
Botswana
81%
Burundi
81%
Eswatini
81%
Ghana
81%
Lesotho
81%
Libyen
81%
Mauretanien
81%
Niger
81%
Seychellen
81%
Südafrika
81%
Burkina Faso
77%
Demokratische Republik Kongo
77%
Eritrea
77%
Gambia
77%
Kap Verde
77%
Komoren
77%
Liberia
77%
Malawi
77%
Mali
77%
Sudan
77%
Südsudan
77%
Gabun
73%
Kamerun
73%
Madagaskar
73%
Mauritius
73%
Mosambik
73%
Somalia
73%
Tansania
73%
Tunesien
73%
Uganda
73%
Zentralafrikanische Republik
73%
Guinea
69%
Guinea-Bissau
69%
Namibia
69%
Senegal
69%
Tschad
69%
Ruanda
65%
Simbabwe
65%
Togo
65%
Sambia
62%
São Tomé und Príncipe
62%
Sierra Leone
62%
Republik Kongo
54%
Keine übereinstimmenden Quizze gefunden
Verteilung der Resultate
Anzahl Personen mit jedem Resultat
Perzentil nach korrekt beantworteten Fragen
Ihre Resultats-Entwicklung
Sie haben dieses Quiz noch nicht gespielt